Legal languase and legal writing / (Record no. 104359)

MARC details
000 -LEADER
fixed length control field 00592nam a22001937a 4500
005 - DATE AND TIME OF LATEST TRANSACTION
control field 20161110115106.0
010 ## - LCCN (DPL NO)
LC control number ENG-116349
020 ## - INTERNATIONAL STANDARD BOOK NUMBER
International Standard Book Number 9789350357163
Terms of availability 200.00
035 ## - SYSTEM CONTROL NUMBER
System control number EN-99881
037 ## - SOURCE OF ACQUISITION
Source of stock number/acquisition DBAD/PUB
082 ## - DEWEY DECIMAL CLASSIFICATION NUMBER
Classification number 340.14
100 ## - MAIN ENTRY--PERSONAL NAME
Personal name Rosedar S.R.A.
245 ## - TITLE STATEMENT
Title Legal languase and legal writing /
Statement of responsibility, etc by Roserdar S.R.A
250 ## - EDITION STATEMENT
Edition statement 2nd ed
260 ## - PUBLICATION, DISTRIBUTION, ETC. (IMPRINT)
Place of publication, distribution, etc Gurgaon
Name of publisher, distributor, etc LexisNexis
Date of publication, distribution, etc 2016
270 ## - ADDRESS
Address 14th Floor, Building No.10, Tower-B, DLF Cyber City, Phase-II
City Gurgaon (Haryana)
Postal code 122002
300 ## - PHYSICAL DESCRIPTION
Extent xvi,257p.
Dimensions 21cm(pbk)
942 ## - ADDED ENTRY ELEMENTS (KOHA)
Source of classification or shelving scheme Dewey Decimal Classification
Item type English Books
Call number suffix ROS
Classification part 340.14
Holdings
Withdrawn status Lost status Not for loan Collection code Home library Current library Date acquired Source of acquisition Cost, normal purchase price Full call number Barcode Copy number Cost, replacement price Koha item type
    Not For Loan Non-fiction D.B.Act.Division Bawana 28/10/2016 DBAD/PUB 200.00 340.14 ROS EN-99881 1 200.00 English Books

© Delhi Public Library
Hit Counter
free hit counter